00349nam a2200145Ia 4500008004100000082001600041100001800057245002000075250000800095260003300103300000900136500002400145650001600169700001800185230524s9999 xx 000 0 und d a621.38bPAN aSujata Pandey 0aVLSI Technology a1ST aNEW DELHIbDhanpat Raic2005 a7.39 aQuantity Number: 2 aElectronics a Manoj Pandey